O pequeno polegar (Registo nº 1962)

Detalhes MARC
000 -Etiqueta do registo
Cabeçalho 01007nam a22003251 4500
005 - Identificador da versão
Campo de controlo 20240813121921.0
095 ## -
-- PTBN00125242
010 ## - Número internacional normalizado dos livros (ISBN)
Número (ISBN) 9724301346
021 ## - Número do Depósito Legal
Código do país PT
Número 25347/89
100 ## - Dados gerais de processamento
Dados gerais de processamento 20070618d1989 c .y0pory5003 ba
102 ## - Pais de publicação ou produção
País de publicação Portugal
101 1# - Língua de publicação
Língua do texto, banda sonora, etc. Português
106 ## - Campo de dados codificados: material textual
Dados codificados do material textual r
105 ## - Campo de dados codificados: livros
Dados codificados dos livros a z 000fy
215 ## - Descrição física 
Indicação específica da natureza do documento e extensão da espécie [26] p.
Outras indicações físicas muito il.
Dimensões 20 cm
200 1# - Titulo e menção de responsabilidade
Título próprio O pequeno polegar
Primeira menção de responsabilidade história de J. W. Grimm
Outras menções de responsabilidade il. Francesc Rovira
-- trad. Ana Isabel Ramos
-- adapt. à língua portuguesa por Martins da Rocha
225 2# - Colecção 
Título próprio da colecção Contos de sempre
Indicação de volume 6
210 ## - Publicação, Distribuição, etc. 
Lugar da edição, distribuição, etc. Porto
Nome do editor, distribuidor, etc. Edinter
Data da publicação, distribuição, etc. 1989
606 ## - Nome comum usado como assunto
Número de registo de entrada de autoridade 0000001
Palavra de ordem Literatura estrangeira infantil
Subdivisão de assunto Conto
675 ## - Classificação Decimal Universal (CDU)
Notação 82-34
Edição
Língua da edição por
702 #1 - Nome de autor-pessoa física (responsabilidade secundária)
Número de registo de entrada de autoridade 0000605
Palavra de ordem Ramos
Outra parte do nome não tomada para palavra de ordem Ana Isabel
Código de função Tradutor
Número de registo de entrada de autoridade 0000478
Palavra de ordem Rocha
Outra parte do nome não tomada para palavra de ordem Martins da
Código de função Adaptador
701 #1 - Nome de autor-pessoa física (co-responsabilidade principal)
Palavra de ordem Rovira
Outra parte do nome não tomada para palavra de ordem Francesc
Código de função Ilustrador / Técnico de desenho computorizado
700 #1 - Nome de autor-pessoa física (responsabilidade principal)
Número de registo de entrada de autoridade 0000606
Palavra de ordem Grimm
Outra parte do nome não tomada para palavra de ordem Wilhelm Karl
Datas 1786-1859
942 ## - Elementos de entrada adicionados (Koha)
Tipo de item no Koha Livro
Exemplares
Situação do levantamento Origin of item (home branch) (coded) Biblioteca de empréstimo Código de barras Cota Circulation type (not for loan) Tipo de documento Nota do exemplar Damaged status
  Biblioteca Escolar da Coca Maravilhas Biblioteca Escolar da Coca Maravilhas BECM4439/99 8EST CON   Livro Sem mensagem